| 000 | 01217nam a2200193 a 4500 | ||
|---|---|---|---|
| 008 | 190709s1998 ||||||||||||||||| || u | ||
| 020 | _a9780521625586 | ||
| 050 | _aQA 930 Lan | ||
| 100 | _aLaney, Culbert B | ||
| 245 | 1 | 0 |
_aComputational gasdynamics _cBy Culbert B. Laney |
| 260 |
_aCambridge _bCambridege University Press _c1998 |
||
| 300 | _axiv, 613 pages | ||
| 650 | _aGAS DYNAMICS--MATHEMATICAL MODELS | ||
| 995 |
_aSHORT LOAN BOOKS _e750093 _FCBU-MAIN LIBRARY (Kitwe) _I41.13 _jQA 930 Lan _M5 _UAVAILABLE _WNov 25, 2019 _y750093 _ZShort Loan Collection |
||
| 995 |
_aMAIN LIBRARY OPEN ACCESS _D72.49 _e749383 _FCBU-MAIN LIBRARY (Kitwe) _jQA 930 Lan _M2 _UAVAILABLE _WJul 10, 2019 _y749383 _ZMain Library Open Access Collection |
||
| 995 |
_aMAIN LIBRARY OPEN ACCESS _D72.49 _e749386 _FCBU-MAIN LIBRARY (Kitwe) _jQA 930 Lan _M1 _UAVAILABLE _WJul 10, 2019 _y749386 _ZMain Library Open Access Collection |
||
| 995 |
_aMAIN LIBRARY OPEN ACCESS _D72.49 _e749384 _FCBU-MAIN LIBRARY (Kitwe) _jQA 930 Lan _M4 _UAVAILABLE _WJul 10, 2019 _y749384 _ZMain Library Open Access Collection |
||
| 995 |
_aMAIN LIBRARY OPEN ACCESS _D72.49 _e749385 _FCBU-MAIN LIBRARY (Kitwe) _jQA 930 Lan _M3 _UAVAILABLE _WJul 10, 2019 _y749385 _ZMain Library Open Access Collection |
||
| 999 |
_c79640 _d79640 |
||